Increasing Biggest Cities #004 - Andorra - Statistics

General Stats
  • This quiz has been taken 14 times
  • The average score is 3 of 8
Answer Stats
Population City % Correct
19 403 Andorra la Vella
100%
2 243 Canillo
50%
7 648 Encamp
50%
14 582 Escaldes-Engordany
25%
5 411 La Massana
25%
3 031 Ordino
25%
7 614 Sant Julià de Lòria
25%
3 134 Santa Coloma d'Andorra
0%
No matching quizzes found
Score Distribution
Percent of People with Each Score
Percentile by Number Answered
Your Score History
You have not taken this quiz